000 00499cam a22001934a 4500
005 20250605164319.0
008 250528s ||||||||||||||||||||||||d
035 _a22832
020 _a9780803989092
040 _aGR-AtMCL
_bgre
_dGR-AtMCL
_eAACR2
245 1 _aMAKING SENSE OF ILLNESS / THE SOCIAL PSYCHOLOGY OF HEALTH AND DISEASE
250 _a1
260 _bSage Publications,
_c1994
300 _a232
700 1 _aRadley Alan
_95449
942 _cBK
999 _c7877
_d7877